<?xml version="1.0" encoding="UTF-8"?>
<record
    xmlns:xsi="http://www.w3.org/2001/XMLSchema-instance"
    xsi:schemaLocation="http://www.loc.gov/MARC21/slim http://www.loc.gov/standards/marcxml/schema/MARC21slim.xsd"
    xmlns="http://www.loc.gov/MARC21/slim">

  <leader>01379nam2a22003011  4500</leader>
  <controlfield tag="001">rc\4214494</controlfield>
  <controlfield tag="005">20250611134034.0</controlfield>
  <datafield tag="021" ind1=" " ind2=" ">
    <subfield code="a">RU</subfield>
    <subfield code="b">[49-146]</subfield>
  </datafield>
  <datafield tag="021" ind1=" " ind2=" ">
    <subfield code="a">RU</subfield>
    <subfield code="b">[48-19748]</subfield>
  </datafield>
  <datafield tag="035" ind1=" " ind2=" ">
    <subfield code="a">(NLR Aleph) 008211135</subfield>
  </datafield>
  <datafield tag="090" ind1=" " ind2=" ">
    <subfield code="a">8097393</subfield>
    <subfield code="c">8097393</subfield>
  </datafield>
  <datafield tag="100" ind1=" " ind2=" ">
    <subfield code="a">20130415d1948    |||y0rusy50      ca</subfield>
  </datafield>
  <datafield tag="101" ind1="0" ind2=" ">
    <subfield code="a">rus</subfield>
  </datafield>
  <datafield tag="102" ind1=" " ind2=" ">
    <subfield code="a">RU</subfield>
  </datafield>
  <datafield tag="105" ind1=" " ind2=" ">
    <subfield code="a">a   z   |||||</subfield>
  </datafield>
  <datafield tag="200" ind1="0" ind2=" ">
    <subfield code="a">&#x41A;&#x43D;. 3</subfield>
    <subfield code="f">&#x41F;.&#x412;. &#x412;&#x438;&#x43D;&#x43E;&#x433;&#x440;&#x430;&#x434;&#x43E;&#x432;&#x430;, &#x412;.&#x41C;. &#x41A;&#x440;&#x438;&#x448;&#x442;&#x43E;&#x43F;&#x430;, &#x415;.&#x42F;. &#x41A;&#x440;&#x438;&#x448;&#x442;&#x43E;&#x43F;&#x430;, &#x421;.&#x41C;. &#x41E;&#x43C;&#x430;&#x440;&#x43E;&#x432;</subfield>
  </datafield>
  <datafield tag="210" ind1=" " ind2=" ">
    <subfield code="a">&#x41C;&#x430;&#x445;&#x430;&#x447;&#x43A;&#x430;&#x43B;&#x430;</subfield>
    <subfield code="c">&#x414;&#x430;&#x433;&#x443;&#x447;&#x43F;&#x435;&#x434;&#x433;&#x438;&#x437;</subfield>
    <subfield code="d">1948</subfield>
    <subfield code="g">&#x41E;&#x431;&#x440;&#x430;&#x437;&#x446;&#x43E;&#x432;&#x430;&#x44F; &#x442;&#x438;&#x43F;. &#x438;&#x43C;. &#x416;&#x434;&#x430;&#x43D;&#x43E;&#x432;&#x430;</subfield>
    <subfield code="g">&#x442;&#x438;&#x43F;. &#x413;&#x43E;&#x441;&#x44D;&#x43D;&#x435;&#x440;&#x433;&#x43E;&#x438;&#x437;&#x434;&#x430;&#x442;&#x430; &#x432; &#x41C;.</subfield>
  </datafield>
  <datafield tag="215" ind1=" " ind2=" ">
    <subfield code="a">296 &#x441;.</subfield>
    <subfield code="c">&#x438;&#x43B;.</subfield>
    <subfield code="d">23</subfield>
  </datafield>
  <datafield tag="461" ind1=" " ind2="0">
    <subfield code="1">001rc\4214492</subfield>
    <subfield code="1">2001#$a&#x423;&#x447;&#x435;&#x431;&#x43D;&#x438;&#x43A; &#x440;&#x443;&#x441;&#x441;&#x43A;&#x43E;&#x433;&#x43E; &#x44F;&#x437;&#x44B;&#x43A;&#x430;$e&#x414;&#x43B;&#x44F; &#x434;&#x430;&#x433;. &#x43D;&#x435;&#x440;&#x443;&#x441;. &#x43D;&#x430;&#x447;. &#x448;&#x43A;&#x43E;&#x43B;&#x44B;$e[&#x421; &#x440;&#x443;&#x441;.-&#x43A;&#x443;&#x43C;&#x44B;&#x43A;. &#x441;&#x43B;&#x43E;&#x432;&#x430;&#x440;&#x435;&#x43C;]$v&#x41A;&#x43D;. 3</subfield>
    <subfield code="9">8097384</subfield>
    <subfield code="c">&#x41C;&#x430;&#x445;&#x430;&#x447;&#x43A;&#x430;&#x43B;&#x430;</subfield>
    <subfield code="d">1948</subfield>
    <subfield code="n">&#x414;&#x430;&#x433;&#x443;&#x447;&#x43F;&#x435;&#x434;&#x433;&#x438;&#x437;</subfield>
    <subfield code="o">&#x414;&#x43B;&#x44F; &#x434;&#x430;&#x433;. &#x43D;&#x435;&#x440;&#x443;&#x441;. &#x43D;&#x430;&#x447;. &#x448;&#x43A;&#x43E;&#x43B;&#x44B; : [&#x421; &#x440;&#x443;&#x441;.-&#x43A;&#x443;&#x43C;&#x44B;&#x43A;. &#x441;&#x43B;&#x43E;&#x432;&#x430;&#x440;&#x435;&#x43C;]</subfield>
    <subfield code="t">&#x423;&#x447;&#x435;&#x431;&#x43D;&#x438;&#x43A; &#x440;&#x443;&#x441;&#x441;&#x43A;&#x43E;&#x433;&#x43E; &#x44F;&#x437;&#x44B;&#x43A;&#x430;</subfield>
    <subfield code="v">&#x41A;&#x43D;. 3</subfield>
  </datafield>
  <datafield tag="701" ind1=" " ind2="1">
    <subfield code="a">&#x41A;&#x440;&#x438;&#x448;&#x442;&#x43E;&#x43F;&#x430;</subfield>
    <subfield code="b">&#x415;.&#x42F;.</subfield>
  </datafield>
  <datafield tag="701" ind1=" " ind2="1">
    <subfield code="a">&#x41E;&#x43C;&#x430;&#x440;&#x43E;&#x432;</subfield>
    <subfield code="b">&#x421;.&#x41C;.</subfield>
  </datafield>
  <datafield tag="701" ind1=" " ind2="1">
    <subfield code="a">&#x41A;&#x440;&#x438;&#x448;&#x442;&#x43E;&#x43F;&#x430;</subfield>
    <subfield code="b">&#x412;.&#x41C;.</subfield>
  </datafield>
  <datafield tag="701" ind1=" " ind2="1">
    <subfield code="a">&#x412;&#x438;&#x43D;&#x43E;&#x433;&#x440;&#x430;&#x434;&#x43E;&#x432;&#x430;</subfield>
    <subfield code="b">&#x41F;.&#x412;.</subfield>
    <subfield code="g">&#x41F;&#x430;&#x43D;&#x43D;&#x430; &#x412;&#x430;&#x441;&#x438;&#x43B;&#x44C;&#x435;&#x432;&#x43D;&#x430;</subfield>
  </datafield>
  <datafield tag="801" ind1=" " ind2="0">
    <subfield code="a">RU</subfield>
    <subfield code="b">NLR</subfield>
    <subfield code="g">psbo</subfield>
  </datafield>
  <datafield tag="801" ind1=" " ind2="1">
    <subfield code="a">RU</subfield>
    <subfield code="b">ELAR</subfield>
    <subfield code="2">rusmarc</subfield>
  </datafield>
  <datafield tag="852" ind1=" " ind2=" ">
    <subfield code="a">NLR</subfield>
    <subfield code="j">&#x42F;60 &#x413;-5/675</subfield>
  </datafield>
  <datafield tag="942" ind1=" " ind2=" ">
    <subfield code="c">BOOK</subfield>
  </datafield>
  <datafield tag="980" ind1=" " ind2=" ">
    <subfield code="a">NB</subfield>
  </datafield>
  <datafield tag="995" ind1=" " ind2=" ">
    <subfield code="5">2013-10-26</subfield>
    <subfield code="b">NLR02</subfield>
    <subfield code="c">NLR02</subfield>
    <subfield code="e">RFS</subfield>
    <subfield code="f">8211135-10</subfield>
    <subfield code="k">&#x42F;60 &#x413;-5/675</subfield>
    <subfield code="o">0</subfield>
    <subfield code="r">BOOK</subfield>
    <subfield code="s">60_5675</subfield>
  </datafield>
</record>
